| 000 | 00717nam a22002177a 4500 | ||
|---|---|---|---|
| 999 |
_c15363 _d15363 |
||
| 003 | AR-CdUCM | ||
| 008 | 190426b ||||| |||| 00| 0 spa d | ||
| 040 |
_aMUNICIPALIDAD PROVINCIAL DEL CUSCO _cBIBLIOTECA MUNICIPAL DEL CUSCO |
||
| 082 |
_aEP / 869.56 / _bAG32 |
||
| 110 |
_aAsociación Pukllasunchis _92457 |
||
| 245 | _aEl Aguila / | ||
| 260 |
_aCusco : _bcentro Guaman Poma de Ayala, _bPukllasunchis, _c2010. |
||
| 300 |
_a26 paginas ; _bIlustraciones, graficos, dibujos _c20 cm. |
||
| 500 | _aCuentos para niños | ||
| 650 |
_aHistoria _9136 |
||
| 650 |
_aLiteratura _983 |
||
| 650 |
_aCuentos _9217 |
||
| 856 |
_fwww.pukllasunchis.org _fwww.guamanpoma.org |
||
| 942 |
_2ddc _cLIBROS |
||
| 945 |
_apjha _d2019-04-26 |
||